<?xml version="1.0" encoding="UTF-8"?>
<record
    xmlns:xsi="http://www.w3.org/2001/XMLSchema-instance"
    xsi:schemaLocation="http://www.loc.gov/MARC21/slim http://www.loc.gov/standards/marcxml/schema/MARC21slim.xsd"
    xmlns="http://www.loc.gov/MARC21/slim">

  <leader>01418cam a2200361 a 4500</leader>
  <datafield tag="999" ind1=" " ind2=" ">
    <subfield code="c">57600</subfield>
    <subfield code="d">57600</subfield>
  </datafield>
  <controlfield tag="001">3013272</controlfield>
  <controlfield tag="005">20200812132138.0</controlfield>
  <controlfield tag="008">940302s1995    nyua     b    001 0 eng  </controlfield>
  <datafield tag="010" ind1=" " ind2=" ">
    <subfield code="a">   94006507 </subfield>
  </datafield>
  <datafield tag="020" ind1=" " ind2=" ">
    <subfield code="a">0387942858 (New York : acidfree paper)</subfield>
  </datafield>
  <datafield tag="020" ind1=" " ind2=" ">
    <subfield code="a">3540942858 (Berlin : acidfree paper)</subfield>
  </datafield>
  <datafield tag="040" ind1=" " ind2=" ">
    <subfield code="a">DLC</subfield>
    <subfield code="c">DLC</subfield>
    <subfield code="d">DLC</subfield>
  </datafield>
  <datafield tag="041" ind1=" " ind2=" ">
    <subfield code="a">eng</subfield>
  </datafield>
  <datafield tag="050" ind1="0" ind2="0">
    <subfield code="a">QA174.2</subfield>
    <subfield code="b">.R67 1995</subfield>
  </datafield>
  <datafield tag="080" ind1=" " ind2=" ">
    <subfield code="a">512.2 R-82</subfield>
  </datafield>
  <datafield tag="082" ind1="0" ind2="0">
    <subfield code="2"> </subfield>
  </datafield>
  <datafield tag="100" ind1="1" ind2=" ">
    <subfield code="a">Rotman, Joseph J.,</subfield>
    <subfield code="d">1934-</subfield>
    <subfield code="9">9179</subfield>
  </datafield>
  <datafield tag="245" ind1="1" ind2="3">
    <subfield code="a">An introduction to the theory of groups /</subfield>
    <subfield code="c">Joseph Rotman.</subfield>
  </datafield>
  <datafield tag="250" ind1=" " ind2=" ">
    <subfield code="a">4th ed.</subfield>
  </datafield>
  <datafield tag="264" ind1=" " ind2=" ">
    <subfield code="a">New York :</subfield>
    <subfield code="b">Springer-Verlag,</subfield>
    <subfield code="c">c1995.</subfield>
  </datafield>
  <datafield tag="300" ind1=" " ind2=" ">
    <subfield code="a">xiv, 513 p. :</subfield>
    <subfield code="b">37 ill. ;</subfield>
    <subfield code="c">24 cm.</subfield>
  </datafield>
  <datafield tag="440" ind1=" " ind2="0">
    <subfield code="a">Graduate texts in mathematics ;</subfield>
    <subfield code="v">148</subfield>
    <subfield code="9">9001</subfield>
  </datafield>
  <datafield tag="500" ind1=" " ind2=" ">
    <subfield code="a">Col. ill. on lining papers.</subfield>
  </datafield>
  <datafield tag="504" ind1=" " ind2=" ">
    <subfield code="a">Includes bibliographical references (p. [495]-497) and index.</subfield>
  </datafield>
  <datafield tag="650" ind1=" " ind2="0">
    <subfield code="a">Group theory.</subfield>
    <subfield code="9">9180</subfield>
  </datafield>
  <datafield tag="653" ind1=" " ind2=" ">
    <subfield code="a">&#x10E8;&#x10D4;&#x10E1;&#x10D0;&#x10D5;&#x10D0;&#x10DA;&#x10D8; &#x10EF;&#x10D2;&#x10E3;&#x10E4;&#x10D4;&#x10D1;&#x10D8;&#x10E1; &#x10D7;&#x10D4;&#x10DD;&#x10E0;&#x10D8;&#x10D0;&#x10E8;&#x10D8;</subfield>
  </datafield>
  <datafield tag="653" ind1=" " ind2=" ">
    <subfield code="a">&#x10DB;&#x10D0;&#x10D7;&#x10D4;&#x10DB;&#x10D0;&#x10E2;&#x10D8;&#x10D9;&#x10D0;</subfield>
  </datafield>
  <datafield tag="856" ind1="4" ind2="2">
    <subfield code="3">Publisher description</subfield>
    <subfield code="u">http://www.loc.gov/catdir/enhancements/fy0818/94006507-d.html</subfield>
  </datafield>
  <datafield tag="856" ind1="4" ind2="1">
    <subfield code="3">Table of contents only</subfield>
    <subfield code="u">http://www.loc.gov/catdir/enhancements/fy0818/94006507-t.html</subfield>
  </datafield>
  <datafield tag="906" ind1=" " ind2=" ">
    <subfield code="a">7</subfield>
    <subfield code="b">cbc</subfield>
    <subfield code="c">orignew</subfield>
    <subfield code="d">1</subfield>
    <subfield code="e">ocip</subfield>
    <subfield code="f">19</subfield>
    <subfield code="g">y-gencatlg</subfield>
  </datafield>
  <datafield tag="942" ind1=" " ind2=" ">
    <subfield code="2">udc</subfield>
    <subfield code="c">BK</subfield>
  </datafield>
  <datafield tag="955" ind1=" " ind2=" ">
    <subfield code="a">pc01 to JA00 03-02-94; jd20 03-02-94; jd99 03-02-94; jd85 03-02-94; CIP ver. jc03 01-04-95</subfield>
  </datafield>
  <datafield tag="952" ind1=" " ind2=" ">
    <subfield code="0">0</subfield>
    <subfield code="1">0</subfield>
    <subfield code="2">udc</subfield>
    <subfield code="4">0</subfield>
    <subfield code="6">5122_R82</subfield>
    <subfield code="7">0</subfield>
    <subfield code="9">89330</subfield>
    <subfield code="a">CPL</subfield>
    <subfield code="b">CPL</subfield>
    <subfield code="c">GEN</subfield>
    <subfield code="d">2020-08-12</subfield>
    <subfield code="g">222.00</subfield>
    <subfield code="o">512.2 R-82</subfield>
    <subfield code="p">60803</subfield>
    <subfield code="r">2020-08-12</subfield>
    <subfield code="t">60803</subfield>
    <subfield code="w">2020-08-12</subfield>
    <subfield code="y">BK</subfield>
    <subfield code="z">222 &#x10DA;.</subfield>
  </datafield>
  <datafield tag="952" ind1=" " ind2=" ">
    <subfield code="0">0</subfield>
    <subfield code="1">0</subfield>
    <subfield code="2">udc</subfield>
    <subfield code="4">0</subfield>
    <subfield code="6">5122_R82</subfield>
    <subfield code="7">0</subfield>
    <subfield code="9">89331</subfield>
    <subfield code="a">CPL</subfield>
    <subfield code="b">CPL</subfield>
    <subfield code="c">GEN</subfield>
    <subfield code="d">2020-08-12</subfield>
    <subfield code="g">222.00</subfield>
    <subfield code="o">512.2 R-82</subfield>
    <subfield code="p">60802</subfield>
    <subfield code="r">2020-08-12</subfield>
    <subfield code="t">60802</subfield>
    <subfield code="w">2020-08-12</subfield>
    <subfield code="y">BK</subfield>
    <subfield code="z">222 &#x10DA;.</subfield>
  </datafield>
</record>
